000 00537nam a2200181Ia 4500
003 OSt
005 20201009112145.0
008 190216s9999||||xx |||||||||||||| ||und||
020 _a9788131729700
040 _coclc
082 _a004
_bEVA/I
100 _aEvans, Alan
_95521
245 0 _aInformatics Technology In Action /
_cAlan Evans ; Leslie Lamport
260 _bPearson Education International,
_c2011
_a.Delhi:
300 _a197p
650 _aComputer Science
942 _cBK
_2ddc
_h004
_iEVA/I
_k004
_mEVA/I
999 _c9041
_d9041